<?xml version="1.0" encoding="UTF-8"?>
<collection xmlns="http://www.loc.gov/MARC21/slim">
 <record>
  <leader>05706nam a2200325 a 4500</leader>
  <controlfield tag="001">kal5729</controlfield>
  <controlfield tag="003">Gr-AtHEAL</controlfield>
  <controlfield tag="005">20160506091035.0</controlfield>
  <controlfield tag="006">m        d        </controlfield>
  <controlfield tag="008">160413s2015    gr      s           gre|c</controlfield>
  <datafield tag="020" ind1=" " ind2=" ">
   <subfield code="a">9789606032257</subfield>
  </datafield>
  <datafield tag="040" ind1=" " ind2=" ">
   <subfield code="a">GR-AtHEAL</subfield>
   <subfield code="b">gre</subfield>
   <subfield code="c">GR-AtHEAL</subfield>
  </datafield>
  <datafield tag="082" ind1="0" ind2="4">
   <subfield code="a">790</subfield>
   <subfield code="2">23</subfield>
  </datafield>
  <datafield tag="100" ind1="1" ind2=" ">
   <subfield code="a">Σκοπετέας, Ιωάννης.</subfield>
   <subfield code="8">1696</subfield>
  </datafield>
  <datafield tag="245" ind1="1" ind2="2">
   <subfield code="a">Η δημιουργία της μυθοπλαστικής αφήγησης και τα είδη των κινηματογραφικών ταινιών</subfield>
   <subfield code="h">[Ηλεκτρονικός πόρος] </subfield>
   <subfield code="b">Με παραδείγματα από τον ελληνικό κινηματογράφο</subfield>
   <subfield code="c">Σκοπετέας, Ιωάννης ; Κριτικός αναγνώστης,Στάθη, Ειρήνη ; Γραφιστική επιμέλεια,ΣΤΡΑΓΑΛΗ, ΦΑΙΔΡΑ ; Τεχνική επιμέλεια,Στραγάλη, Φαίδρα ; Γλωσσική επιμέλεια,Μπαρτζελιώτης, Νικόλαος.</subfield>
  </datafield>
  <datafield tag="260" ind1=" " ind2=" ">
   <subfield code="a">Αθήνα :</subfield>
   <subfield code="b">Σύνδεσμος Ελληνικών Ακαδημαϊκών Βιβλιοθηκών,</subfield>
   <subfield code="c">c2015.</subfield>
  </datafield>
  <datafield tag="490" ind1=" " ind2=" ">
   <subfield code="a">Ακαδημαϊκά Ηλεκτρονικά Συγγράμματα και Βοηθήματα Κάλλιπος</subfield>
   <subfield code="8">40</subfield>
  </datafield>
  <datafield tag="520" ind1=" " ind2=" ">
   <subfield code="a">Το βιβλίο εξηγεί, στo πρώτο μέρος του, τα βασικά χαρακτηριστικά της μυθοπλαστικής αφήγησης. Στη συνέχεια, στο μέρος μετά το κεφ.4 , διερευνά πως αυτή λειτουργεί σε σχέση με την κατηγοριοποίηση των κινηματογραφικών ταινιών μυθοπλασίας σε Είδη (Genres, άλλη μετάφραση Κατηγορίες, Γένη), αναλύοντας τα βασικά Είδη ένα προς ένα. Η διερεύνηση γίνεται από την πλευρά του δημιουργού της αφήγησης (στην πράξη, του σεναριογράφου). Ο διαχωρισμός των ταινιών σε Είδη αναφέρεται στη σύμβαση, τη συμφωνία, που γίνεται μεταξύ των δημιουργών της ταινίας και του θεατή σχετικά με το τι παρακολουθεί, τι πρέπει να περιμένει και πως πρέπει να το αντιληφθεί. Έτσι, σε μια ταινία περιπέτειας o θεατής αναμένει έναν ισχυρό και θαρραλέο πρωταγωνιστή, σε ένα αστυνομικό έργο έναν χαρισματικό εγκληματία κλπ. Συμβάσεις υπάρχουν ως προς το στυλ των ταινιών, την εικονογραφία της ταινίας, τους ηθοποιούς που χρησιμοποιούνται, και φυσικά ως προς τα βασικά χαρακτηριστικά μιας αφήγησης, δηλαδή τους χαρακτήρες, την πλοκή, την ιδέα, το σκηνικό κλπ. Είναι αυτονόητη η σημασία όλων αυτών για το δημιουργό της αφήγησης: σχεδιάζοντας και συγγράφοντας το σενάριο της ταινίας μέσα ή κοντά σε κάποιο Είδος, έχει δεδομένα στοιχεία που τον δεσμεύουν αλλά και τον βοηθούν να έρθει σε επικοινωνία με το θεατή. Σε κάθε κεφάλαιο αναφέρονται διάφορα παραδείγματα μυθοπλασιών. Τα εκτεταμένα παραδείγματα προς μελέτη (που αφορούν δημοφιλείς ταινίες του ελληνικού κινηματογράφου με τις οποίες είναι εξοικειωμένοι λίγο πολύ οι φοιτητές), και το εκτενές θεωρητικό πλαίσιο, κάνουν το βιβλίο ιδανικό για διδασκαλία σε πανεπιστήμια αλλά και για επιμόρφωση ευρύτερων κύκλων αναγνωστών (επαγγελματίες, κινηματογραφόφιλοι, θεωρητικοί κλπ). Αν και κυκλοφορούν τρία ελληνικά και δύο μεταφρασμένα βιβλία σχετικά με τη συγγραφή σεναρίου, καθώς και τέσσερα θεωρητικά βιβλία σχετικά με την αφήγηση, το προτεινόμενο θα είναι το πρώτο ελληνικό βιβλίο με αντικείμενο τα κινηματογραφικά Είδη, και μάλιστα από τη πλευρά του δημιουργού της ταινίας.</subfield>
  </datafield>
  <datafield tag="650" ind1=" " ind2="0">
   <subfield code="a">Performing arts</subfield>
   <subfield code="8">2773</subfield>
  </datafield>
  <datafield tag="653" ind1=" " ind2=" ">
   <subfield code="a">Μυθοπλασία</subfield>
  </datafield>
  <datafield tag="653" ind1=" " ind2=" ">
   <subfield code="a">Είδος</subfield>
  </datafield>
  <datafield tag="653" ind1=" " ind2=" ">
   <subfield code="a">Ελληνικός κινηματογράφος</subfield>
  </datafield>
  <datafield tag="653" ind1=" " ind2=" ">
   <subfield code="a">Σενάριο</subfield>
  </datafield>
  <datafield tag="653" ind1=" " ind2=" ">
   <subfield code="a">Τέχνες και γράμμματα</subfield>
   <subfield code="a">Τέχνες του θεάματος</subfield>
   <subfield code="a">Κινηματογράφος</subfield>
  </datafield>
  <datafield tag="700" ind1="1" ind2=" ">
   <subfield code="a">Στάθη, Ειρήνη</subfield>
   <subfield code="e">Κριτικός αναγνώστης</subfield>
   <subfield code="8">1697</subfield>
  </datafield>
  <datafield tag="856" ind1="4" ind2="0">
   <subfield code="u">http://hdl.handle.net/11419/5729</subfield>
   <subfield code="z">Πλήρες Κείμενο - Full text</subfield>
  </datafield>
  <datafield tag="907" ind1=" " ind2=" ">
   <subfield code="a">.b25677615</subfield>
   <subfield code="b">12-06-18</subfield>
   <subfield code="c">29-07-16</subfield>
  </datafield>
  <datafield tag="949" ind1=" " ind2=" ">
   <subfield code="0">0</subfield>
   <subfield code="1">0</subfield>
   <subfield code="2">ddc</subfield>
   <subfield code="4">0</subfield>
   <subfield code="6">790_000000000000000_ΣΚΟ</subfield>
   <subfield code="7">0</subfield>
   <subfield code="8">KALL</subfield>
   <subfield code="8">519</subfield>
   <subfield code="d">2016-04-13</subfield>
   <subfield code="r">2016-04-13</subfield>
   <subfield code="w">2016-04-13</subfield>
   <subfield code="z">790 ΣΚΟ</subfield>
   <subfield code="o">SEAB KALLIPOS</subfield>
  </datafield>
  <datafield tag="998" ind1=" " ind2=" ">
   <subfield code="a">80</subfield>
   <subfield code="a">01</subfield>
   <subfield code="a">02</subfield>
   <subfield code="a">03</subfield>
   <subfield code="a">04</subfield>
   <subfield code="a">05</subfield>
   <subfield code="a">06</subfield>
   <subfield code="a">07</subfield>
   <subfield code="a">08</subfield>
   <subfield code="a">09</subfield>
   <subfield code="a">10</subfield>
   <subfield code="a">11</subfield>
   <subfield code="a">12</subfield>
   <subfield code="a">13</subfield>
   <subfield code="a">14</subfield>
   <subfield code="a">15</subfield>
   <subfield code="a">16</subfield>
   <subfield code="a">17</subfield>
   <subfield code="a">18</subfield>
   <subfield code="a">19</subfield>
   <subfield code="a">20</subfield>
   <subfield code="a">21</subfield>
   <subfield code="a">22</subfield>
   <subfield code="a">23</subfield>
   <subfield code="a">24</subfield>
   <subfield code="a">25</subfield>
   <subfield code="a">26</subfield>
   <subfield code="b">10-05-17</subfield>
   <subfield code="c">m</subfield>
   <subfield code="d">z  </subfield>
   <subfield code="e">-</subfield>
   <subfield code="f">gre</subfield>
   <subfield code="g">gr </subfield>
   <subfield code="h">2</subfield>
  </datafield>
  <datafield tag="942" ind1=" " ind2=" ">
   <subfield code="2">ddc</subfield>
   <subfield code="c">KALLIPOS</subfield>
  </datafield>
 </record>
</collection>
